Marketingovyj podchod k upravleniju. Popytka schematizacii.
Marketing odráža vnútorné i vonkajšie prostredie fungovania podniku. Formovanie stratégie firmy vyžaduje presné určenie vonkajších podmienok jej činnosti, ktoré musí byť doplnené skúmaním základných momentov charakterizujúcich stav vnútorného prostredia. Schéma faktorov určujúcich vonkajšie podmienk...
Salvato in:
| Autore principale: | |
|---|---|
| Natura: | Capitolo di libro |
| Lingua: | russo |
| Soggetti: | |
| Tags: |
Nessun Tag, puoi essere il primo ad aggiungerne!!
|
MARC
| LEADER | 00000naa a2200000 4500 | ||
|---|---|---|---|
| 001 | r011625 | ||
| 005 | 20221208123105.4 | ||
| 041 | 0 | |a rus | |
| 044 | |a [SU] | ||
| 245 | 1 | 0 | |a Marketingovyj podchod k upravleniju. |b Popytka schematizacii. |c O. Kuznecova |
| 520 | |a Marketing odráža vnútorné i vonkajšie prostredie fungovania podniku. Formovanie stratégie firmy vyžaduje presné určenie vonkajších podmienok jej činnosti, ktoré musí byť doplnené skúmaním základných momentov charakterizujúcich stav vnútorného prostredia. Schéma faktorov určujúcich vonkajšie podmienky fungovania podniku (firmy) a schéma faktorov určujúcich vnútorné prostredie a možnosti podniku. | ||
| 610 | 2 | 0 | |a marketing |
| 610 | 2 | 0 | |a riadenie podnikové |
| 610 | 2 | 0 | |a hospodárstvo podnikové |
| 610 | 2 | 0 | |a stratégia podniková |
| 610 | 2 | 0 | |a firmy |
| 100 | 1 | |a Kuznecova, O. | |